000 00685cam a22002411 4500
001 sa 67000553
003 DLC
005 20260227112315.0
008 861126s1964 ii 000 0 eng
010 _asa 67000553
025 _aPL480:I-E-6734
035 _a(OCoLC)14876455
040 _aDLC
_cWaU
_dDLC
042 _apremarc
050 0 0 _aHD4291
_b.A35
110 1 _aIndia (Republic).
_bOrganisation and Methods Division.
245 1 0 _aImprovement of administrative efficiency.
260 _a[New Delhi,
_c1964]
300 _a47 p.
_c24 cm.
500 _aCover title.
650 0 _aGovernment business enterprises
_zIndia.
651 0 _aIndia
_xPolitics and government
_y1947-
999 _c72039
_d72039